Drummers by Net Worth - Statistics

General Stats
  • This quiz has been taken 49 times
  • The average score is 5 of 20
Answer Stats
Hint Answer % Correct
$300 million Ringo Starr
80%
$260 million Dave Grohl
56%
$170 million Charlie Watts
47%
$200 million Lars Ulrich
47%
$250 million Phil Collins
44%
$170 million Roger Taylor
31%
$85 million Travis Barker
31%
$100 million Nick Mason
29%
$90 million Chad Smith
27%
$150 million Larry Mullen Jr
20%
$80 million Stewart Copeland
20%
$45 million Tre Cool
20%
$200 million Don Henley
18%
$75 million Alex Van Halen
13%
$65 million Bill Ward
13%
$70 million Tommy Lee
13%
$65 million Carter Beauford
9%
$100 million Joey Kramer
2%
$60 million John Fishman
2%
$50 million Rick Allen
2%
No matching quizzes found
Score Distribution
Percent of People with Each Score
Percentile by Number Answered
Your Score History
You have not taken this quiz